[Event "GRE-ch U20"]
[Site "Nikaia"]
[Date "2012.01.06"]
[Round "4"]
[White "Tsitsirikis, Grigorios"]
[Black "Pessiridis, Isaak"]
[Result "0-1"]
[WhiteElo "1005"]
[BlackElo "1656"]
[PlyCount "68"]
[EventDate "2012.01.03"]
[EventType "swiss"]
[EventRounds "7"]
[EventCountry "GRE"]
[SourceTitle "CBM 146 Extra"]
[Source "ChessBase"]
[SourceDate "2012.02.29"]
[SourceVersion "1"]
[SourceVersionDate "2012.02.29"]
[SourceQuality "1"]

1. e4 c5 2. Nf3 d6 3. d4 cxd4 4. Nxd4 Nf6 5. Nc3 a6 6. f3 e5 7. Nb3 Be6 8. Be3 Be7 9. Qd2 Nbd7 10. g4 b5 11. Nd5 Bxd5 12. exd5 Nb6 13. Bxb6 Qxb6 14. 0-0-0 h6 15. h4 Nd7 16. Na5 g5 17. Nc6 Bf6 18. Kb1 Nb8 19. hxg5 Bxg5 20. Qb4 Nxc6 21. dxc6 Qxc6 22. Rxd6 Qxf3 23. Bxb5+ axb5 24. Qxb5+ Kf8 25. Rhd1 Re8 26. Rd7 Be7 27. Qxe5 Bf6 28. Qd6+ Kg7 29. a3 Rb8 30. b3 Rxb3+ 31. Kc1 Bb2+ 32. Kb1 Bxa3+ 33. Ka2 Bxd6 34. R7xd6 Ra8+ 0-1

[Event "GRE-ch U20"]
[Site "Nikaia"]
[Date "2012.01.03"]
[Round "1"]
[White "Balokas, Dimitrios"]
[Black "Pessiridis, Isaak"]
[Result "1-0"]
[WhiteElo "2078"]
[BlackElo "1656"]
[PlyCount "71"]
[EventDate "2012.01.03"]
[EventType "swiss"]
[EventRounds "7"]
[EventCountry "GRE"]
[SourceTitle "CBM 146 Extra"]
[Source "ChessBase"]
[SourceDate "2012.02.29"]
[SourceVersion "1"]
[SourceVersionDate "2012.02.29"]
[SourceQuality "1"]

1. d4 d5 2. c4 e6 3. Nf3 Nf6 4. Nc3 c6 5. e3 Nbd7 6. Qc2 Be7 7. Bd3 dxc4 8. Bxc4 b5 9. Bd3 Bb7 10. 0-0 a6 11. Rd1 0-0 12. a3 Rc8 13. b4 a5 14. Rb1 axb4 15. axb4 Nd5 16. Nxd5 cxd5 17. Qe2 Nf6 18. Bxb5 Ne4 19. Bd2 Qb6 20. Ne5 Rfd8 21. Nd7 Qd6 22. Nc5 Nxc5 23. bxc5 Qc7 24. Rdc1 Bc6 25. Bxc6 Qxc6 26. Rb6 Qa4 27. Rcb1 Qc2 28. R1b2 Qa4 29. Ra6 Qe8 30. Ba5 Rd7 31. g3 Bd8 32. Bb6 Rb7 33. Qb5 Qxb5 34. Rxb5 Bxb6 35. Rbxb6 Rxb6 36. cxb6 1-0

[Event "West Attica-ch U12 7th"]
[Site "Karpenisi"]
[Date "2011.09.07"]
[Round "4.2"]
[White "Georgiou, Konstantinos"]
[Black "Pessiridis, Isaak"]
[Result "0-1"]
[WhiteElo "1010"]
[BlackElo "1652"]
[PlyCount "98"]
[EventDate "2011.09.06"]
[EventType "swiss"]
[EventRounds "7"]
[EventCountry "GRE"]
[SourceTitle "EXT 2024"]
[Source "ChessBase"]
[SourceDate "2023.10.10"]
[SourceVersion "1"]
[SourceVersionDate "2023.10.10"]
[SourceQuality "1"]

1. e4 c5 2. Nf3 d6 3. Nc3 Nf6 4. d4 cxd4 5. Qxd4 Nc6 6. Qa4 Bd7 7. Bb5 a6 8. Bxc6 Bxc6 9. Qb4 g6 10. Bf4 Bg7 11. h3 0-0 12. 0-0-0 a5 13. Qc4 Qb6 14. Qd4 Qxd4 15. Rxd4 e5 16. Bxe5 dxe5 17. Nxe5 Rad8 18. Rhd1 Rxd4 19. Rxd4 Nd7 20. f4 Nxe5 21. fxe5 Bxe5 22. Rc4 Rd8 23. g3 Bxg3 24. Ne2 Bb5 25. Rd4 Rxd4 26. Nxd4 Bc6 27. Nb3 b6 28. Nd2 Bf4 29. Kd1 Bxd2 30. Kxd2 Bxe4 31. Kc3 f5 32. b4 axb4+ 33. Kxb4 f4 34. Kc3 Kf7 35. Kd4 f3 36. Ke3 Kf6 37. c4 Ke5 38. a4 g5 39. c5 bxc5 40. a5 c4 41. a6 c3 42. a7 c2 43. Kd2 f2 44. a8Q Bxa8 45. Kxc2 Kd4 46. Kb3 f1Q 47. h4 Qb1+ 48. Ka4 Bc6+ 49. Ka5 Qb5# 0-1

[Event "West Attica-ch U12 7th"]
[Site "Karpenisi"]
[Date "2011.09.07"]
[Round "3.1"]
[White "Pessiridis, Isaak"]
[Black "Kapellas, Alexandros Antonios"]
[Result "1/2-1/2"]
[WhiteElo "1652"]
[BlackElo "1456"]
[PlyCount "162"]
[EventDate "2011.09.06"]
[EventType "swiss"]
[EventRounds "7"]
[EventCountry "GRE"]
[SourceTitle "EXT 2024"]
[Source "ChessBase"]
[SourceDate "2023.10.10"]
[SourceVersion "1"]
[SourceVersionDate "2023.10.10"]
[SourceQuality "1"]

1. e4 e5 2. Nf3 Nc6 3. Bc4 Bc5 4. Nc3 Nf6 5. d3 d6 6. Be3 Bb6 7. Qd2 Bg4 8. h3 Bh5 9. g4 Bg6 10. 0-0-0 Qd7 11. Kb1 0-0-0 12. Bxb6 axb6 13. Rhe1 Na5 14. Bb3 Nxb3 15. axb3 Qc6 16. d4 Rhe8 17. d5 Qd7 18. Ka2 Qe7 19. Ra1 Kd7 20. Qd3 Ra8+ 21. Kb1 Rxa1+ 22. Kxa1 Ra8+ 23. Kb1 Qe8 24. Nh4 Ra5 25. b4 Ra6 26. Qb5+ Kd8 27. Qxe8+ Kxe8 28. Nxg6 hxg6 29. f3 Kd7 30. h4 Ra8 31. Rh1 Rh8 32. Ne2 Ke7 33. Ng3 Kd7 34. b5 Ke7 35. Kc1 Ra8 36. Kd2 Rh8 37. c4 Kd7 38. Ke3 Ra8 39. h5 gxh5 40. g5 Ne8 41. Rxh5 Ra2 42. Rh2 g6 43. Kd3 Ra1 44. Rh1 Rxh1 45. Nxh1 Ke7 46. Ke3 f6 47. f4 fxg5 48. fxg5 Ng7 49. Ng3 Kf7 50. Kf3 Ke7 51. Kg4 Kf7 52. b4 Ke7 53. Ne2 Kd7 54. Nc1 Kc8 55. Nd3 Nh5 56. c5 Kd8 57. c6 bxc6 58. bxc6 Ke7 59. b5 Kd8 60. Kf3 Ke7 61. Ke3 Kf7 62. Nb4 Ke7 63. Na6 Kd8 64. Nb8 Nf4 65. Nd7 Ke7 66. Nf6 Kd8 67. Nh7 Ke7 68. Kd2 Kf7 69. Ke3 Ke7 70. Nf6 Nh3 71. Nh7 Kf7 72. Kd2 Nf4 73. Ke3 Ke7 74. Nf6 Kd8 75. Kd2 Ke7 76. Nd7 Kd8 77. Nf8 Ke7 78. Nh7 Kf7 79. Ke3 Ke7 80. Nf6 Nh3 81. Nh7 Nf4 1/2-1/2

[Event "GRE-ch U12"]
[Site "Eretria"]
[Date "2011.06.30"]
[Round "8.8"]
[White "Hadolias, Mihail"]
[Black "Pessiridis, Isaak"]
[Result "1/2-1/2"]
[WhiteElo "1286"]
[BlackElo "1651"]
[PlyCount "34"]
[EventDate "2011.06.25"]
[EventType "swiss"]
[EventRounds "9"]
[EventCountry "GRE"]
[SourceTitle "EXT 2024"]
[Source "ChessBase"]
[SourceDate "2023.10.10"]
[SourceVersion "1"]
[SourceVersionDate "2023.10.10"]
[SourceQuality "1"]

1. d4 d5 2. c4 e6 3. Nc3 Nf6 4. e3 c6 5. Nf3 Nbd7 6. Be2 Bd6 7. c5 Bc7 8. Bd2 0-0 9. 0-0 Re8 10. b4 a6 11. a4 e5 12. dxe5 Nxe5 13. Nd4 Nfg4 14. h3 Nh6 15. f4 Ng6 16. Qc2 f5 17. Bd3 Qf6 1/2-1/2

[Event "GRE-ch U10"]
[Site "Kallithea"]
[Date "2010.06.30"]
[Round "7"]
[White "Dalipis, Nikolaos"]
[Black "Pessiridis, Isaak"]
[Result "1-0"]
[WhiteElo "1527"]
[BlackElo "1693"]
[PlyCount "53"]
[EventDate "2010.06.26"]
[EventType "swiss"]
[EventRounds "9"]
[EventCountry "GRE"]
[SourceTitle "EXT 2012"]
[Source "ChessBase"]
[SourceDate "2011.11.24"]
[SourceVersion "1"]
[SourceVersionDate "2011.11.24"]
[SourceQuality "1"]

1. e4 e5 2. Nf3 Nc6 3. Bc4 Bc5 4. 0-0 Nf6 5. d4 Bxd4 6. Nxd4 Nxd4 7. f4 Nc6 8. Bxf7+ Kxf7 9. fxe5 Nxe5 10. Qd5+ Ke8 11. Qxe5+ Qe7 12. Qxe7+ Kxe7 13. Bg5 h6 14. Bh4 g5 15. Bg3 Nxe4 16. Re1 d5 17. Nc3 c6 18. Nxe4 dxe4 19. Rxe4+ Kf7 20. Rf1+ Kg6 21. Re7 Rd8 22. Be5 b6 23. Rf6+ Kh5 24. Rh7 Rd1+ 25. Kf2 g4 26. Rhxh6+ Kg5 27. Bf4# 1-0

[Event "GRE-ch U10"]
[Site "Kallithea"]
[Date "2010.06.29"]
[Round "5"]
[White "Pessiridis, Isaak"]
[Black "Theodorou, Nikolas"]
[Result "0-1"]
[WhiteElo "1693"]
[BlackElo "1764"]
[PlyCount "78"]
[EventDate "2010.06.26"]
[EventType "swiss"]
[EventRounds "9"]
[EventCountry "GRE"]
[SourceTitle "EXT 2012"]
[Source "ChessBase"]
[SourceDate "2011.11.24"]
[SourceVersion "1"]
[SourceVersionDate "2011.11.24"]
[SourceQuality "1"]

1. e4 e6 2. d4 d5 3. Nc3 Nf6 4. Bg5 Be7 5. e5 Nfd7 6. Bxe7 Qxe7 7. Qd2 a6 8. Nf3 c5 9. dxc5 Nxc5 10. b4 Ncd7 11. Na4 Nc6 12. a3 f6 13. exf6 Qxf6 14. Rd1 0-0 15. Qg5 b5 16. Qxf6 Rxf6 17. Nc3 Nb6 18. Nd4 Nxd4 19. Rxd4 Bd7 20. Be2 Rc8 21. Nd1 Rxc2 22. Rd2 Rxd2 23. Kxd2 e5 24. Nc3 Rxf2 25. g3 Bc6 26. Nd1 Rf8 27. Ne3 d4 28. Ng4 Bxh1 29. Nxe5 Nc4+ 30. Nxc4 bxc4 31. Bxc4+ Kh8 32. Bxa6 Bg2 33. b5 Rb8 34. a4 Bf1 35. Ke1 Bc4 36. Kd2 Kg8 37. Kc2 Kf7 38. Kd2 Ke6 39. Kc2 Kd5 0-1